London Fire and Emergency Planning Authority v Halcrow Gilbert Associates Ltd, Halcrow Group and Lorne Stewart plc (Record no. 79960)
[ view plain ]
| 000 -LEADER | |
|---|---|
| fixed length control field | 01710cad a22001935a 4500 |
| 001 - CONTROL NUMBER | |
| control field | L142888 |
| 008 - FIXED-LENGTH DATA ELEMENTS--GENERAL INFORMATION | |
| fixed length control field | 080317e20070731xxk f v 000 0 eng d |
| 035 ## - SYSTEM CONTROL NUMBER | |
| System control number | (Sirsi) u142888 |
| 041 0# - LANGUAGE CODE | |
| Language code of text/sound track or separate title | eng |
| 245 00 - TITLE STATEMENT | |
| Title | London Fire and Emergency Planning Authority v Halcrow Gilbert Associates Ltd, Halcrow Group and Lorne Stewart plc |
| Medium | [electronic resource] |
| 260 ## - PUBLICATION, DISTRIBUTION, ETC. | |
| Date of publication, distribution, etc. | 2007 |
| 520 ## - SUMMARY, ETC. | |
| Summary, etc. | [2007] EWHC 2546 (TCC), 31 July 2007. Claimant authority (LFEPA) claimed damages against the defendant engineering practice (H) and the defendant contractors (L) in contract and tort in relation to an uncontrolled fire that broke out at LFEPA's training centre. LFEPA claimed for the cost of repair of the damage caused by the fire, the cost of investigation of the cause of the fire, replacement of defective ductwork and associated equipment, and loss of use of the training centre when it was closed for investigation, remedial works and commissioning. It was found that H was negligent but that H's negligence did not result in loss. It was also found that L was in breach of contract because of the defective ductwork but was not liable for the remedial costs because the client had not undertaken the remedial works. "Held": LFEPA's claims failed. |
| 650 24 - SUBJECT ADDED ENTRY--TOPICAL TERM | |
| Topical term or geographic name entry element | LONDON FIRE AND EMERGENCY PLANNING AUTHORITY V HALCROW GILBERT ASSOCIATES LTD AND OTHERS |
| 651 #4 - SUBJECT ADDED ENTRY--GEOGRAPHIC NAME | |
| Geographic name | England and Wales |
| Chronological subdivision | 1543- |
| 690 ## - LOCAL SUBJECT ADDED ENTRY--TOPICAL TERM (OCLC, RLIN) | |
| Topical term or geographic name as entry element | BUILT ENVIRONMENT-CONSTRUCTION MANAGEMENT-BUILDING CONTRACT ADMINISTRATION |
| 690 ## - LOCAL SUBJECT ADDED ENTRY--TOPICAL TERM (OCLC, RLIN) | |
| Topical term or geographic name as entry element | MANAGEMENT-BUSINESS MANAGEMENT-PROFESSIONAL PRACTICE-NEGLIGENCE |
| 856 40 - ELECTRONIC LOCATION AND ACCESS | |
| Uniform Resource Identifier | <a href="https://www.bailii.org/cgi-bin/markup.cgi?doc=/ew/cases/EWHC/TCC/2007/2546.htm">https://www.bailii.org/cgi-bin/markup.cgi?doc=/ew/cases/EWHC/TCC/2007/2546.htm</a> |
| Public note | View the judgment free of charge at www.bailii.org... |
| 942 ## - ADDED ENTRY ELEMENTS (KOHA) | |
| Suppress in OPAC | 0 |
| Withdrawn status | Lost status | Source of classification or shelving scheme | Damaged status | Not for loan | Home library | Current library | Shelving location | Date acquired | Total Checkouts | Full call number | Barcode | Date last seen | Copy number | Price effective from | Koha item type |
|---|---|---|---|---|---|---|---|---|---|---|---|---|---|---|---|
| Dewey Decimal Classification | Virtual | Virtual | Online | 17/03/2008 | ONLINE PUBLICATION | 142888-2001 | 06/08/2019 | 1 | 06/08/2019 | Law report |